Evaluación del método de aversión condicionada al sabor (ACS) para su aplicación en el conflicto ganadería-carnívoros en el sur de la provincia de Buenos Aires /

Guardado en:
Autor Principal: Morales Pontet, Natalia Gabriela.
Otros Autores: Luengos Vidal, Estela M. (dir. de tesina.)
Formato: Manuscrito
Idioma:Spanish
Publicado: 2018.
Materias:
Etiquetas: Agregar Etiqueta
Sin Etiquetas, Sea el primero en etiquetar este registro!
LEADER 01246ntm a22002895a 4500
001 EUN.eunm007743
005 20190312095217.0
008 190312s2018####ag#a#####b####000#0#spa#d
082 0 4 |a 599.744  |2 15 
100 1 |a Morales Pontet, Natalia Gabriela. 
245 1 0 |a Evaluación del método de aversión condicionada al sabor (ACS) para su aplicación en el conflicto ganadería-carnívoros en el sur de la provincia de Buenos Aires /  |c tesinista: Natalia Gabriela Morales Pontet ; directora: Estela Maris Luengos Vidal. 
260 |c 2018. 
300 |a 43 h. :  |b il. ;  |c 30 cm. 
502 |a Tesina (licenciatura)--Universidad Nacional del Sur. Departamento de Biología, Bioquímica y Farmacia, 2018. 
504 |a Incluye referencias bibliográficas. 
650 7 |a Zoología.  |2 unbist 
650 7 |a Vulpes vulpes.  |2 Icyt 
650 7 |a Predación.  |2 Icyt 
650 7 |a Ganadería.  |2 unbist 
650 7 |a Ovejas.  |2 unbist 
650 7 |a Villarino [Buenos Aires (Provincia)]  |2 BN Argentina 
653 |a Zorros 
653 |a Aversión condicionada al sabor 
653 |a Tesinas 
653 |a Sudoeste bonaerense 
700 1 |a Luengos Vidal, Estela M.  |q (Estela Maris),  |e dir. de tesina. 
859 |a AR-BaUNS  |b BIB. CENTRAL - Sector A  |h 599.744  |i M792  |p 126962/019